| 000 | 00973cab a2200265 4500 | ||
|---|---|---|---|
| 001 | WB3307-04 | ||
| 008 | 090401t1997 xxu||||| |||| 00| 0 eng d | ||
| 035 | _a(Sirsi) u49391 | ||
| 041 | _aeng | ||
| 245 | _aUpturn hope for Yorkshire market | ||
| 260 | _c1997 | ||
| 350 | _a0 | ||
| 490 |
_aYorkshire Post _v13 February 1997, 14(1) |
||
| 520 | _aThe "CBI/Grimley survey of property confidence and future requirements" found that the Yorkshire region was likely to see a net growth in property holdings over the next six months. | ||
| 650 | _aCBI/GRIMLEY SURVEY OF PROPERTY CONFIDENCE AND FUTURE REQUIREMENTS | ||
| 650 | _aFORECASTS | ||
| 650 | _aLEEDS | ||
| 650 | _aPROPERTY-COMMERCIAL PROPERTY-OFFICE PROPERTY-OFFICE PROPERTY MARKET | ||
| 650 | _aPROPERTY CONFIDENCE | ||
| 650 | _aPROPERTY-COMMERCIAL PROPERTY-RETAIL PROPERTY-RETAIL PROPERTY MARKET | ||
| 650 | _aYORKSHIRE | ||
| 690 | _aPROPERTY-COMMERCIAL PROPERTY | ||
| 942 | _n0 | ||
| 948 | _c04/03/1997 | ||
| 999 |
_c30906 _d30906 |
||